| 000 | 00889nam a22001937a 4500 | ||
|---|---|---|---|
| 999 |
_c62527 _d62527 |
||
| 005 | 20241128162252.0 | ||
| 008 | 241128s2022 ru ||||| |||| 00| 0 rus d | ||
| 020 | _a9785040961269 X | ||
| 041 | _arus | ||
| 080 | _a159.9 Б-42 | ||
| 100 |
_a Беккер Джошуа _eАвтор _923826 |
||
| 245 |
_aМеньше значит больше: _bМинимализм как путь к осознанной и счастливой жизни / _cДжошуа Беккер, пер. с анг. А. Андреева |
||
| 264 |
_aМосква : _bОрди, _c2022. |
||
| 300 |
_a310 стр.: _b22 cm. |
||
| 653 | _aМеньше значит больше. Минимализм как путь к осознанной и счастливой жизни | ||
| 653 | _aფსიქოლოგია | ||
| 700 |
_aАндреева, A _eმთარგმნელი _923827 |
||
| 942 |
_2udc _cBK |
||